Kredi kartı kullanımının tüketici alışkanlıklarına ve alışverişlerin yer, zaman ve marka tercihlerine etkisi (Record no. 4265)

000 -LEADER
fixed length control field 01091nmm a2200325 a 4500
001 - CONTROL NUMBER
control field ocm000597315
003 - CONTROL NUMBER IDENTIFIER
control field TR-IsHL
005 - DATE AND TIME OF LATEST TRANSACTION
control field 20201028130905.0
008 - FIXED-LENGTH DATA ELEMENTS--GENERAL INFORMATION
fixed length control field 131010s2007 tu tur
007 - PHYSICAL DESCRIPTION FIXED FIELD--GENERAL INFORMATION
fixed length control field cr cn
020 ## - INTERNATIONAL STANDARD BOOK NUMBER
International Standard Book Number 9789944601597
035 ## - SYSTEM CONTROL NUMBER
System control number 597315
-- (N$T)
050 04 - LIBRARY OF CONGRESS CALL NUMBER
Classification number HG3755.7
Item number K57 2007
090 04 - LOCALLY ASSIGNED LC-TYPE CALL NUMBER (OCLC); LOCAL CALL NUMBER (RLIN)
Classification number (OCLC) (R) ; Classification number, CALL (RLIN) (NR) HG3755.7
Local cutter number (OCLC) ; Book number/undivided call number, CALL (RLIN) K57 2007
100 1# - MAIN ENTRY--PERSONAL NAME
Personal name Kırçova, İbrahim
245 10 - TITLE STATEMENT
Title Kredi kartı kullanımının tüketici alışkanlıklarına ve alışverişlerin yer, zaman ve marka tercihlerine etkisi
Medium [electronic resource] /
Statement of responsibility, etc. İbrahim Kırçova
250 ## - EDITION STATEMENT
Edition statement 1. bs.
260 ## - PUBLICATION, DISTRIBUTION, ETC.
Place of publication, distribution, etc. İstanbul :
Name of publisher, distributor, etc. İstanbul Ticaret Odası,
Date of publication, distribution, etc. 2007
300 ## - PHYSICAL DESCRIPTION
Extent 106 p.
650 #4 - SUBJECT ADDED ENTRY--TOPICAL TERM
Topical term or geographic name entry element Ekonomi ve Finans
650 #4 - SUBJECT ADDED ENTRY--TOPICAL TERM
Topical term or geographic name entry element Economics and Finance
650 #0 - SUBJECT ADDED ENTRY--TOPICAL TERM
Topical term or geographic name entry element Kredi kartları
650 #0 - SUBJECT ADDED ENTRY--TOPICAL TERM
Topical term or geographic name entry element Credit cards
650 #0 - SUBJECT ADDED ENTRY--TOPICAL TERM
Topical term or geographic name entry element Tüketici davranışı
650 #0 - SUBJECT ADDED ENTRY--TOPICAL TERM
Topical term or geographic name entry element Consumer behavior
650 #0 - SUBJECT ADDED ENTRY--TOPICAL TERM
Topical term or geographic name entry element Satın alma
650 #0 - SUBJECT ADDED ENTRY--TOPICAL TERM
Topical term or geographic name entry element Purchasing
650 #7 - SUBJECT ADDED ENTRY--TOPICAL TERM
Topical term or geographic name entry element BUSINESS & ECONOMICS / Consumer Behavior
Source of heading or term bisacsh
856 40 - ELECTRONIC LOCATION AND ACCESS
Uniform Resource Identifier <a href="http://search.ebscohost.com/login.aspx?direct=true&scope=site&db=e011xww&AN=597315">http://search.ebscohost.com/login.aspx?direct=true&scope=site&db=e011xww&AN=597315</a>
Holdings
Withdrawn status Lost status Source of classification or shelving scheme Damaged status Not for loan Collection code Permanent Location Current Location Date acquired Total Checkouts Full call number Barcode Date last seen Price effective from Koha item type
        Online   Kıbrıs Amerikan Üniversitesi Kütüphanesi / American University of Cyprus Kıbrıs Amerikan Üniversitesi Kütüphanesi / American University of Cyprus 28.10.2020   HG3755.7 K57 2007 597315 28.10.2020 28.10.2020 E-Kitap
Devinim Yazılım Eğitim Danışmanlık tarafından Koha'nın orjinal sürümü uyarlanarak geliştirilip kurulmuştur.